Jurassic World Rebirth Toys by picture - Statistics

General Stats
  • This quiz has been taken 43 times
  • The average score is 6 of 13
Answer Stats
Picture Answer % Correct
Mosasaurus
87%
Spinosaurus
87%
Tyrannosaurus Rex
87%
Distortus Rex
67%
Titanosaurus
63%
Quetzalcoatlus
60%
Ankylosaurus
50%
Maiasaura
33%
Tapejara
33%
Utahraptor
33%
Purrusaurus
17%
Ceoptera
3%
Torvoneustes
3%
No matching quizzes found
Score Distribution
Percent of People with Each Score
Percentile by Number Answered
Your Score History
You have not taken this quiz